| 000 | 00841nam a2200253Ia 4500 | ||
|---|---|---|---|
| 003 | OSt | ||
| 005 | 20220925235948.0 | ||
| 006 | a|||||r|||| 00| 0 | ||
| 007 | ta | ||
| 008 | 220923b |||||||| |||| 00| 0 eng d | ||
| 020 |
_a9788182203327 _c2550 |
||
| 037 |
_b086, 10/09/2010, Om Book Distributors _cGeneral Book |
||
| 040 |
_aRTL _cRTL _beng |
||
| 041 |
_2eng _aeng |
||
| 082 | _aX:8:(S:44), Q0 | ||
| 100 |
_aSRIVASTAVA S K _939098 |
||
| 245 | 0 |
_aOrganisational behaviour _b A comparative study |
|
| 260 |
_a New Delhi _bGlobal Vision Publishing _c2010 |
||
| 300 |
_axxvi, 766p Bibliography: P 745-60 _ccm. |
||
| 650 | _aCommerce | ||
| 700 |
_a PATIRAJ KUMARI _9301954 |
||
| 942 |
_hX:8:(S:44), Q0 _cGB _2CC |
||
| 999 |
_c598240 _d598240 |
||